Receiving Leader Every Team - Statistics

General Stats
  • This quiz has been taken 27 times
  • The average score is 13 of 32
Answer Stats
Team Yds Player % Correct
49ers 19,247 Jerry Rice
96%
Lions 11,619 Calvin Johnson
83%
Cardinals 17,492 Larry Fitzgerald
83%
Bengals 10,738 Chad Johnson
79%
Texans 13,597 Andre Johnson
75%
Falcons 12,896 Julio Jones
63%
Raiders 14,734 Tim Brown
63%
Buccaneers 11,680 Mike Evans
58%
Seahawks 13,089 Steve Largent
58%
Panthers 12,197 Steve Smith
58%
Jaguars 12,287 Jimmy Smith
54%
Broncos 11,389 Rod Smith
54%
Chargers 11,841 Antonio Gates
46%
Vikings 12,383 Cris Carter
46%
Rams 14,109 Isaac Bruce
46%
Chiefs 11,328 Travis Kelce
46%
Bills 13,095 Andre Reed
42%
Packers 10,137 Donald Driver
29%
Steelers 12,083 Hines Ward
29%
Cowboys 12,977 Jason Witten
25%
Commanders 12,026 Art Monk
21%
Saints 9,759 Marques Colston
21%
Ravens 5,777 Derrick Mason
17%
Browns 7,980 Ozzie Newsome
17%
Giants 9,497 Amani Toomer
13%
Eagles 8,978 Harold Carmichael
13%
Dolphins 8,869 Mark Duper
13%
Jets 11,732 Don Maynard
8%
Titans 7,935 Ernest Givens
0%
Bears 5,069 Johnny Morris
0%
Colts 14,580 Marvin Harrison Sr.
0%
Patriots 10,352 Stanley Morgan
0%
No matching quizzes found
Score Distribution
Percent of People with Each Score
Percentile by Number Answered
Your Score History
You have not taken this quiz